| 000 | 01138nam a2200301Ia 4500 | ||
|---|---|---|---|
| 001 | ebr10067390 | ||
| 003 | CaPaEBR | ||
| 006 | m u | ||
| 007 | cr cn||||||||| | ||
| 008 | 031022s2002 nyu sb 001 0 eng d | ||
| 020 | _z0306477084 | ||
| 020 | _z0306479168 | ||
| 040 |
_aCaPaEBR _cCaPaEBR |
||
| 035 | _a(OCoLC)70752232 | ||
| 050 | 1 | 4 |
_aQC776 _b.A38 v.27 2002eb |
| 245 | 0 | 0 |
_aAdvances in nuclear physics. _nVol. 27 / _h[electronic resource] / _cedited by J.W. Negele, E.W. Vogt. |
| 260 |
_aNew York : _bKluwer Academic, _cc2002. |
||
| 300 | _axv, 546 p. | ||
| 504 | _aIncludes bibliographical references and index. | ||
| 533 |
_aElectronic reproduction. _bPalo Alto, Calif. : _cebrary, _d2009. _nAvailable via World Wide Web. _nAccess may be limited to ebrary affiliated libraries. |
||
| 650 | 0 | _aNuclear physics. | |
| 650 | 0 | _aNuclear energy. | |
| 655 | 7 |
_aElectronic books. _2local |
|
| 700 | 1 | _aNegele, John W. | |
| 700 | 1 |
_aVogt, Erich W., _d1929- |
|
| 710 | 2 | _aebrary, Inc. | |
| 856 | 4 | 0 |
_uhttp://site.ebrary.com/lib/rucke/Doc?id=10067390 _zAn electronic book accessible through the World Wide Web; click to view |
| 999 |
_c162819 _d162819 |
||